| 000 | 01954nam0a2200349 4500 | ||
|---|---|---|---|
| 001 | RU\NLR\bibl\56319 | ||
| 005 | 20260407044041.0 | ||
| 010 |
_a5-900641-82-1 _9300 |
||
| 021 |
_aRU _b99-36178 _91783 |
||
| 035 | _a(NLR Aleph) 000054923 | ||
| 090 |
_a296351 _c296351 |
||
| 100 | _a19991101d1999 |||y0rusy50 ca | ||
| 101 | 0 | _arus | |
| 102 | _aRU | ||
| 105 | _aab z|||1|||| | ||
| 200 | 1 |
_aГеологические науки - 99 _eизбранные труды межведомственной научной конференции, 5-16 апреля 1999 г., Саратов _fСаратовский государственный университет им. Чернышевского. Геологический факультет, НИИ геологии, Комитет природных ресурсов по Саратовской области _g[редколлегия: доктор геолого-минералогических наук Ю.П. Конценебин (пред.) и др.] |
|
| 210 |
_aСаратов _cКолледж _d1999 |
||
| 215 |
_a103 с. _cил., карт. _d30 |
||
| 300 | _aНа обложке: 300 лет Геологической службе России; 90 лет Саратовскому государственному университету | ||
| 320 | _aБиблиогр. в конце докладов | ||
| 606 | 0 |
_aГеология _jСъезды, совещания и т.п. _9899983 _3RU\NLR\auth\666905 |
|
| 686 | _aД3я431(2)3 | ||
| 702 | 1 |
_aКонценебин _bЮ. П. _4340 |
|
| 711 | 1 | 2 |
_a"Геологические науки-99", межведомственная научная конференция _eСаратов _9531045 _3RU\NLR\AUTH\8810016592 |
| 801 | 0 |
_aRU _bNLR _c19991101 _gPSBO |
|
| 801 | 1 |
_aRU _bNLR _c19991101 |
|
| 852 |
_aNLR _j99-8/1758 |
||
| 942 | _cBOOK | ||
| 980 | _aNB | ||